Sams Teach Yourself Java TM 2 In 21 Days (Record no. 1883)

MARC details
000 -LEADER
fixed length control field 00437nam a2200169Ia 4500
008 - FIXED-LENGTH DATA ELEMENTS--GENERAL INFORMATION
fixed length control field 221030s9999 xx 000 0 und d
020 ## - INTERNATIONAL STANDARD BOOK NUMBER
ISBN 8129700654
041 ## - LANGUAGE CODE
Language code of text/sound track or separate title
082 ## - DEWEY DECIMAL CLASSIFICATION NUMBER
Classification number 105.23
Item number Cad
100 ## - MAIN ENTRY--AUTHOR NAME
Personal name R. Cadenhead
245 #0 - TITLE STATEMENT
Title Sams Teach Yourself Java TM 2 In 21 Days
Statement of responsibility, etc by R. Cadenhead, L. Lemay
260 ## - PUBLICATION, DISTRIBUTION, ETC. (IMPRINT)
Name of publisher Pearson Education
Place of publication Delhi
Year of publication 2003
300 ## - PHYSICAL DESCRIPTION
Number of Pages 859
650 ## - SUBJECT ADDED ENTRY--TOPICAL TERM
Topical Term Computers
700 ## - ADDED ENTRY--PERSONAL NAME
Personal name L. Lemay
942 ## - ADDED ENTRY ELEMENTS (KOHA)
Koha item type Books
Holdings
Accession Number Cost, normal purchase price Full call number Price effective from Koha item type Withdrawn / writtenoff status Materials specified (bound volume or other part) Damaged status Not for loan Permanent Location Current Location Shelving location Date acquired Lost/ Missing status department
M 342 425.00 105.23 Cad 10/30/2022 Books   Print     MIET Library, Jammu MIET Library, Jammu BL-Academic Block-b, FL-2, CUP-122, SH-5, R-5 05/17/2004   MCA